000 00490cam a2200193ua 4500
001 7431
008 141210n ii |||gr||||Z||||||ben
040 _cMAIN
041 _aben
082 _a891.444
100 _aTagore, R.,
_eAuthor.
245 1 _aBharatpathik Rammohan Rai
_cBy Rabindranath Tagore
250 _a1st.
260 _aKolkatta:
_bBiswabharati,
_c1965.
300 _a152p.
653 _aEast Indo-European & Celtic literatures
653 _aBengali Literature
942 _cBK
999 _c6554
_d6554